Southville International School and Colleges
Your cart is empty.
  • Cart
  • Lists
    Public lists Eva Luna New books Lux_list list_1
    Your lists Log in to create your own lists
  • Log in to your account
  • Your cookies
  • Search history
Southville International School and Colleges
  • Advanced search
  • Recent comments
  • Most popular
  • Libraries

Log in to your account

Log in with GOOGLE


If you do not have an external account, but do have a local account, you can still log in:

  1. Home
  2. MARC view: A Game of Thrones
Normal view MARC view ISBD view

A Game of Thrones (Record no. 33193)

[ view plain ]
MARC details
000 -LEADER
fixed length control field 00818nam a22002057a 4500
005 - DATE AND TIME OF LATEST TRANSACTION
control field 20140310184236.0
008 - FIXED-LENGTH DATA ELEMENTS--GENERAL INFORMATION
fixed length control field 140130b xxu||||| |||| 00| 0 eng d
020 ## - INTERNATIONAL STANDARD BOOK NUMBER
International Standard Book Number 9780553573404
050 ## - LIBRARY OF CONGRESS CALL NUMBER
Classification number PS 3563 .A7239
Item number .G36 1996
100 ## - MAIN ENTRY--PERSONAL NAME
Personal name George R.R Martin
245 ## - TITLE STATEMENT
Title A Game of Thrones
Statement of responsibility, etc Martin George,
260 ## - PUBLICATION, DISTRIBUTION, ETC. (IMPRINT)
Place of publication, distribution, etc New York :
Name of publisher, distributor, etc Bantam Books,
Date of publication, distribution, etc 2011.
300 ## - PHYSICAL DESCRIPTION
Extent 835 p. :
Other physical details ill. ;
Dimensions 18 cm.
520 ## - SUMMARY, ETC.
Summary, etc The kingdom of the royal Stark family faces its ultimate challenge in the onset of a generation-long winter, the poisonous plots of the rival Lannisters, the emergence of the Neverborn demons, and the arrival of barbarian hordes.
650 ## - SUBJECT ADDED ENTRY--TOPICAL TERM
Topical term or geographic name as entry element Imaginary wars and battles -- Fiction.
650 ## - SUBJECT ADDED ENTRY--TOPICAL TERM
Topical term or geographic name as entry element Imaginary places -- Fiction
650 ## - SUBJECT ADDED ENTRY--TOPICAL TERM
Topical term or geographic name as entry element Good and evil -- Fiction.
942 ## - ADDED ENTRY ELEMENTS (KOHA)
Source of classification or shelving scheme Library of Congress Classification
Koha item type Books
Holdings
Withdrawn status Lost status Source of classification or shelving scheme Damaged status Home library Current library Shelving location Date acquired Total Checkouts Total Renewals Full call number Barcode Date last seen Date checked out Copy number Price effective from Koha item type
    Library of Congress Classification   Luxembourg Library Luxembourg Library Fiction Section 01/30/2014 11 13 PS 3563.A7239 .G36 1996 19618 01/20/2020 01/10/2020 1 01/30/2014 Books

A Game of Thrones

APA

George R.R Martin, . (2011). A Game of Thrones. New York: Bantam Books.

Chicago

George R.R Martin, . 2011. A Game of Thrones. New York: Bantam Books.

Harvard

George R.R Martin, . (2011). A Game of Thrones. New York: Bantam Books.

MLA

George R.R Martin, . A Game of Thrones. New York: Bantam Books. 2011.

  • Place hold
  • Print
  • Cite
  • Add to your cart (remove)
  • Save record
    BIBTEX Dublin Core MARCXML MARC (non-Unicode/MARC-8) MARC (Unicode/UTF-8) MARC (Unicode/UTF-8, Standard) MODS (XML) RIS
  • More searches
    Search for this title in:
    Other Libraries (WorldCat) Other Databases (Google Scholar) Online Stores (Bookfinder.com) Open Library (openlibrary.org)

Exporting to Dublin Core...

SOUTHVILLE LIBRARY

Southville International School and Colleges Library

1281 Tropical Ave. Cor. Luxembourg St., BF Homes International, Las Pinas City

Tel. No. 8256374 / 252358 Loc. 117/146

Powered by Koha